00764nam a22001815i 4500001000700000003000900007005001700016008004100033080001100074100002800085245019000113260014700303300002100450500002700471650001300498710003000511852004100541178633ES-MaACL20230906220557.0110609s1970 sp d |||| | spa d a612.821 aRamón Soler, Roberto.10aContribución al estudio anatomo-quirúrgico de la charnela occipito-cervical / cresumen de la tesis presentada para aspirar al grado de doctor en medicina por Roberto Ramón Soler. aBarcelona : bUniversidad de Barcelona, Secretariado de Publicaciones, Intercambio Científico y Extensión Universitaria : bIvern, c1970. a20 p. ; c24 cm. aCub. tomada como port.04aCerebro.2 aUniversidad de Barcelona. aES-MaACLjE-15361 (39) xOlim P-1374